000 01053nam a2200313 4500
003 EG-GICUC
005 20260121101342.0
008 251125s1932 fr ||||fr|||| 00| 0 fre d
040 _aEG-GiCUC
_bfre
_cEG-GiCUC
_dEG-GiCUC
_erda
041 _afre
082 0 4 _221
_a341.1
_bS C . P
092 0 4 _221
099 _aLaw1 11 341.1 S C . P 1932
100 1 _aScelle, Georges
_eAuteur
245 1 0 _aPrécis de droit des gens :
_bprincipes et systématique.
_nPremière partie,
_pIntroduction, Le Milieu Intersocial /
_cpar Georges Scelle.
264 _aParis:
_bLibrairie du Recueil Sirey (société anonyme),
_c1932.
300 _a312 pages :
_c24 cm
336 _2rda content
_atext
337 _2rda media
_aComputer
338 _2rda carrier
_aOnline Resource
504 _aRéférences bibliographiques
546 _aTexte en français
650 1 _2qrmak
_aDroit des Gens
650 1 _2Droit international
651 1 _2qrmak
856 4 0 _uhttps://fll.law.cu.edu.eg/fulltext/bks/B11-06082.pdf
905 _a75
_eYara
942 _2ddc
_n0
_cBK
_e21
999 _c45888
_d45888